|
|
|
|
| LEADER |
00000nam0a2200000 4500 |
| 001 |
682571 |
| 005 |
20251118092223.0 |
| 010 |
|
|
|a 978-5-9729-2751-7
|
| 090 |
|
|
|a 682571
|
| 100 |
|
|
|a 20251024d2026 m||y0rusy50 ca
|
| 101 |
0 |
|
|a rus
|
| 102 |
|
|
|a RU
|
| 105 |
|
|
|a a j 001yy
|
| 181 |
|
0 |
|a i
|b e
|
| 182 |
|
0 |
|a n
|
| 183 |
|
0 |
|a nc
|2 RDAcarrier
|
| 200 |
1 |
|
|a Оборудование для бурения скважин
|e учебное пособие
|f А. А. Ладенко
|
| 203 |
|
|
|a Текст
|b визуальный
|c непосредственный
|
| 205 |
|
|
|a 2-е изд.
|
| 210 |
|
|
|a Москва
|a Вологда
|c Инфра-Инженерия
|d 2026
|
| 215 |
|
|
|a 178 с.
|c ил., табл.
|
| 283 |
|
|
|a volume
|2 RDAcarrier
|
| 320 |
|
|
|a Список использованных источников: с. 178
|
| 330 |
|
|
|a Предложен обзор бурового оборудования и рассмотрены существующие методы расчета его параметров. Пособие позволит студентам приобрести навыки инженерных расчетов, необходимых в практике работы и проектирования бурового оборудования. Предназначено для студентов направления 21.03.01 "Нефтегазовое дело", аспирантов, а также специалистов нефтегазовой отрасли.
|
| 606 |
|
|
|a Буровое оборудование
|9 85946
|
| 610 |
1 |
|
|a эксплуатация
|
| 610 |
1 |
|
|a расчетные нагрузки
|
| 610 |
1 |
|
|a буровые вышки
|
| 610 |
1 |
|
|a спускоподъемный комплекс
|
| 610 |
1 |
|
|a бурильная колонна
|
| 610 |
1 |
|
|a вращение
|
| 610 |
1 |
|
|a вертлюг
|
| 610 |
1 |
|
|a ротор
|
| 610 |
1 |
|
|a насосные комплексы
|
| 610 |
1 |
|
|a расчет
|
| 610 |
1 |
|
|a бурильные трубы
|
| 610 |
1 |
|
|a учебные пособия
|
| 675 |
|
|
|a 622.242
|v 4
|
| 700 |
|
1 |
|a Ладенко
|b А. А.
|g Александра Александровна
|
| 801 |
|
0 |
|a RU
|b 63413507
|c 20251024
|
| 942 |
|
|
|c BK
|